Estados Brasileiros com Maiores Taxas de Obesidade - Statistics

Estatísticas Gerais
  • Esse quiz foi jogado 98 vezes
  • A pontuação média é 9 de 10
Estatísticas das Respostas
% Estado % Correto
23.1 Rio de Janeiro
100%
24.2 São Paulo
100%
21.6 Paraná
96%
23.6 Rio Grande do Sul
92%
20.9 Goiás
91%
25.7 Santa Catarina
91%
21.9 Amazonas
90%
24.4 Mato Grosso
88%
24.0 Mato Grosso do Sul
83%
21.1 Rio Grande do Norte
78%
Nenhum quiz correspondente encontrado
Distribuição das Pontuações
Porcentagem de Pessoas com Cada Pontuação
Percentil de Números Respondidos
Sua Pontuação Histórica
Você não jogou esse quiz